000
00356nam a2200133Ia 4500
008
231129s1985||||xx |||||||||||||| ||spa||
020
_a
84-8280-811-7
082
_a
GOR- 223
100
_a
Roa Bastos Augusto
245
0
_a
Yo el supremo
260
_c
1985
264
_a
Colombia: Oveja Negra 1985
942
_2
ddc
_c
BKS
999
_c
26510
_d
26510